[Event "14. Lichtenberger Sommer"]
[Site "14. Lichtenberger Sommer"]
[Date "2015.08.17"]
[Round "3.13"]
[White "Gullaksen, Eirik"]
[Black "Segerberg, Tomas"]
[Result "1-0"]
[WhiteElo "2345"]
[BlackElo "2073"]
[PlyCount "65"]
[EventDate "2015.??.??"]
[WhiteTeam "Bergens schakklub"]
[BlackTeam "Narva Berlin"]

1. d4 e6 2. c4 Nf6 3. g3 Bb4+ 4. Nd2 O-O 5. Bg2 Qe7 6. a3 Bxd2+ 7. Bxd2 d6 8.
e4 e5 9. d5 Nbd7 10. b4 Re8 11. Ne2 Nf8 12. O-O c6 13. Qb3 Bd7 14. Nc3 h6 15.
h3 N6h7 16. Be3 Qf6 17. Qd1 Ng6 18. c5 dxc5 19. bxc5 Rab8 20. Rb1 Qd8 21. Qd3
Qc8 22. Kh2 Ng5 23. h4 Nh7 24. Rb2 Nf6 25. f3 cxd5 26. exd5 Bf5 27. Ne4 Bxe4
28. fxe4 Ng4+ 29. Kg1 Qd8 30. Bh3 Nxe3 31. Qxe3 Qa5 32. Rfb1 b6 33. c6 1-0

[Event "14. Lichtenberger Sommer"]
[Site "14. Lichtenberger Sommer"]
[Date "2015.08.17"]
[Round "3.14"]
[White "Ortmann, David"]
[Black "Guenther, Thomas"]
[Result "1/2-1/2"]
[WhiteElo "2302"]
[BlackElo "2081"]
[PlyCount "120"]
[EventDate "2015.??.??"]
[WhiteTeam "SC Böblingen"]
[BlackTeam "SV Senat (FV Schach)"]

1. Nf3 Nf6 2. c4 e6 3. g3 b6 4. Bg2 Bb7 5. O-O Be7 6. Nc3 O-O 7. Re1 d5 8. cxd5
exd5 9. d4 Na6 10. Bf4 Re8 11. Rc1 Ne4 12. a3 c5 13. dxc5 Naxc5 14. Nb5 Ne6 15.
Be3 a6 16. Nbd4 Bf6 17. b4 Nxd4 18. Bxd4 Qd6 19. Bxf6 Nxf6 20. Nd4 Qd7 21. Qd3
Rac8 22. Nf5 g6 23. Ne3 Rxc1 24. Rxc1 Rc8 25. Rd1 Qe6 26. Qd4 h6 27. Bf3 Re8
28. Rc1 Rc8 29. Rxc8+ Bxc8 30. Bxd5 Nxd5 31. Qxd5 Kg7 32. a4 Bd7 33. a5 bxa5
34. bxa5 Bb5 35. Qxe6 fxe6 36. Kf1 Kf6 37. Ke1 h5 38. Kd2 Ke5 39. Ng2 Be8 40.
Kc3 Bb5 41. Kd2 Kd6 42. Nf4 Be8 43. Kc3 e5 44. Nd3 g5 45. f3 Bb5 46. h4 gxh4
47. gxh4 Kd5 48. e3 e4 49. Nf4+ Ke5 50. fxe4 Kxe4 51. Nxh5 Kxe3 52. Kb4 Ke4 53.
Kc5 Kf5 54. Kb6 Kg4 55. Nf6+ Kxh4 56. Nd5 Kg5 57. Nc7 Be2 58. Nxa6 Kf6 59. Nc7
Ke7 60. Nb5 Bf3 1/2-1/2

[Event "14. Lichtenberger Sommer"]
[Site "14. Lichtenberger Sommer"]
[Date "2015.08.17"]
[Round "3.15"]
[White "Rietze, Clemens"]
[Black "Wirth, Heinz"]
[Result "1-0"]
[WhiteElo "2289"]
[BlackElo "2021"]
[PlyCount "67"]
[EventDate "2015.??.??"]
[WhiteTeam "SC Rotation Pankow"]
[BlackTeam "SC Weisse Dame (Berlin)"]

1. d4 Nf6 2. c4 g6 3. Nc3 d5 4. cxd5 Nxd5 5. Bd2 Bg7 6. e4 Nxc3 7. Bxc3 O-O 8.
Qd2 c5 9. d5 e6 10. Bc4 exd5 11. Bxd5 Nd7 12. Bxg7 Kxg7 13. Ne2 Nf6 14. Qc3 Qe7
15. O-O Kg8 16. Ng3 h5 17. Rfe1 h4 18. Nf1 Rb8 19. a4 b6 20. Rad1 Bd7 21. Bb3
c4 22. Bxc4 Rbc8 23. Qb3 h3 24. e5 Ng4 25. e6 Bxe6 26. Rxe6 fxe6 27. Bxe6+ Kg7
28. Bxg4 Rc7 29. Bxh3 Qe2 30. Rd2 Qe1 31. g3 Rc1 32. Qb4 Rxf2 33. Rd7+ Kh6 34.
Qxe1 1-0

[Event "14. Lichtenberger Sommer"]
[Site "14. Lichtenberger Sommer"]
[Date "2015.08.17"]
[Round "3.16"]
[White "Krefenstein, Sergej"]
[Black "Federau, Jürgen"]
[Result "1/2-1/2"]
[WhiteElo "2184"]
[BlackElo "2121"]
[PlyCount "110"]
[EventDate "2015.??.??"]
[WhiteTeam "TuS Makkabi Berlin"]
[BlackTeam "SC Kreuzberg e.V."]

1. e4 c5 2. c3 d5 3. exd5 Qxd5 4. d4 Nf6 5. Nf3 Bg4 6. Qa4+ Bd7 7. Qb3 cxd4 8.
Nxd4 Nc6 9. Be3 Na5 10. Qxd5 Nxd5 11. Bd2 Nc6 12. Nc2 e5 13. g3 Bf5 14. Nba3
O-O-O 15. Bg2 Bd3 16. O-O-O e4 17. Rhe1 Bxa3 18. Nxa3 Rhe8 19. Nc2 f6 20. f3
Bxc2 21. Kxc2 e3 22. f4 exd2 23. Rxe8 Ndb4+ 24. cxb4 Rxe8 25. Bxc6 bxc6 26.
Rxd2 Re3 27. b3 Kc7 28. Kb2 h5 29. Ka3 Re4 30. Rc2 Kb6 31. Rd2 Kc7 32. Rf2 f5
33. Rc2 Kb6 34. Rc5 g6 35. Kb2 h4 36. Re5 Rxe5 37. fxe5 hxg3 38. hxg3 Kc7 39.
Kc3 Kd7 40. Kd4 Ke6 41. a3 g5 42. a4 Ke7 43. Kc5 Ke6 44. Kd4 Ke7 45. a5 Ke6 46.
a6 Ke7 47. Kc5 Kd7 48. e6+ Kxe6 49. Kxc6 f4 50. gxf4 gxf4 51. b5 f3 52. b6 f2
53. b7 f1=Q 54. b8=Q Qxa6+ 55. Kc5 Kd7 1/2-1/2

[Event "14. Lichtenberger Sommer"]
[Site "14. Lichtenberger Sommer"]
[Date "2015.08.17"]
[Round "3.17"]
[White "Hoffmann, Andreas"]
[Black "Lorenz, Sascha"]
[Result "0-1"]
[WhiteElo "2015"]
[BlackElo "2222"]
[PlyCount "36"]
[EventDate "2015.??.??"]
[WhiteTeam "Thales (FV Schach)"]
[BlackTeam "SK König Tegel"]

1. e4 d5 2. exd5 Qxd5 3. Nf3 Nf6 4. d4 Bg4 5. Be2 e6 6. O-O c6 7. c4 Qd8 8. Qb3
Qc7 9. Be3 Nbd7 10. Nc3 Be7 11. Rfd1 O-O 12. Rac1 Rad8 13. Rd2 Rfe8 14. Rcd1 b6
15. Bg5 Bf5 16. Nh4 Ng4 17. Bxg4 Bxg5 18. Bxf5 exf5 0-1

[Event "14. Lichtenberger Sommer"]
[Site "14. Lichtenberger Sommer"]
[Date "2015.08.17"]
[Round "3.18"]
[White "Jahnz, Fabian"]
[Black "Khorolskyi, Borys"]
[Result "1/2-1/2"]
[WhiteElo "2224"]
[BlackElo "1936"]
[PlyCount "85"]
[EventDate "2015.??.??"]
[WhiteTeam "SK König Tegel"]
[BlackTeam "vereinslos"]

1. e4 e6 2. d4 b6 3. Bd3 Bb7 4. Nf3 Nf6 5. Qe2 c5 6. c3 d5 7. e5 Nfd7 8. Ng5
Be7 9. Qg4 h5 10. Qg3 Nf8 11. Be3 Ba6 12. Bxa6 Nxa6 13. Nf3 Ng6 14. O-O Rc8 15.
Nbd2 Kf8 16. Rac1 cxd4 17. Nxd4 Nc5 18. f4 Kg8 19. b4 Nd3 20. Rc2 Bh4 21. Qh3
Qd7 22. g3 Be7 23. Qg2 Qa4 24. N2b3 Qa6 25. Qe2 Qc4 26. Nd2 Ndxf4 27. gxf4 Qxe2
28. Nxe2 Bxb4 29. Rb2 Bc5 30. Bxc5 Rxc5 31. Nf3 f6 32. Kf2 Kf7 33. Ke3 Rhc8 34.
Kd2 Rc4 35. Rb4 R4c7 36. a4 Rc5 37. Nc1 Rc4 38. Nd3 Re4 39. Rfb1 Rcc4 40. Nfe1
Nxf4 41. Rxc4 dxc4 42. Nxf4 Rxf4 43. Ke3 1/2-1/2

[Event "14. Lichtenberger Sommer"]
[Site "14. Lichtenberger Sommer"]
[Date "2015.08.17"]
[Round "3.19"]
[White "Kutschke, Jens"]
[Black "Vogel, Robert"]
[Result "1/2-1/2"]
[WhiteElo "1975"]
[BlackElo "2218"]
[PlyCount "39"]
[EventDate "2015.??.??"]
[WhiteTeam "SF 1903 Berlin"]
[BlackTeam "SG Pang-Rosenheim"]

1. e4 g6 2. d4 Bg7 3. Nc3 d6 4. Be3 Nd7 5. f4 c6 6. Qd2 b5 7. Bd3 Bb7 8. Nf3
Ngf6 9. e5 Ng4 10. Bg1 O-O 11. e6 fxe6 12. Ng5 e5 13. Qe2 exd4 14. Qxg4 dxc3
15. b4 Nf6 16. Qe6+ Kh8 17. Bd4 c5 18. Bxf6 exf6 19. Nf7+ Rxf7 20. Qxf7 1/2-1/2

[Event "14. Lichtenberger Sommer"]
[Site "14. Lichtenberger Sommer"]
[Date "2015.08.17"]
[Round "3.20"]
[White "Ferster, Fabian"]
[Black "Kreutzmann, Duke"]
[Result "1-0"]
[WhiteElo "2142"]
[BlackElo "1835"]
[PlyCount "57"]
[EventDate "2015.??.??"]
[WhiteTeam "SK Ottenau"]
[BlackTeam "Düsseldorfer SK"]

1. c4 g6 2. g3 Bg7 3. Bg2 c5 4. Nc3 Nc6 5. Nf3 Nf6 6. d4 cxd4 7. Nxd4 O-O 8.
O-O Nxd4 9. Qxd4 d6 10. Qd3 Nd7 11. b3 Ne5 12. Qd2 Rb8 13. Bb2 Qa5 14. Rfd1 Nd7
15. Nd5 Qd8 16. Bxg7 Kxg7 17. Qd4+ Kg8 18. Qxa7 e6 19. Nc3 Qe7 20. Qd4 Ra8 21.
Qxd6 Qf6 22. Ne4 Qg7 23. a4 Ne5 24. Qe7 Nc6 25. Nf6+ Kh8 26. Bxc6 bxc6 27. Rd8
Ba6 28. Rad1 h5 29. Rxa8 1-0

[Event "14. Lichtenberger Sommer"]
[Site "14. Lichtenberger Sommer"]
[Date "2015.08.17"]
[Round "3.21"]
[White "Mayer, Herbert"]
[Black "Postler, Reinhard"]
[Result "1/2-1/2"]
[WhiteElo "1949"]
[BlackElo "2214"]
[PlyCount "95"]
[EventDate "2015.??.??"]
[WhiteTeam "SC Rochade (Berlin)"]
[BlackTeam "TSG Oberschöneweide"]

1. f4 Nf6 2. b3 g6 3. Bb2 Bg7 4. e3 d5 5. Nf3 O-O 6. Be2 c5 7. O-O Bg4 8. d3
Nc6 9. Nbd2 Qc7 10. Ne5 Bxe2 11. Qxe2 e6 12. Nxc6 Qxc6 13. Qf3 Ne4 14. dxe4
Bxb2 15. Rad1 Bg7 16. exd5 exd5 17. Rfe1 Rad8 18. Qe2 Rfe8 19. Qf3 f5 20. Re2
Rd7 21. Nf1 Red8 22. g4 Qe6 23. gxf5 Qxf5 24. Ng3 Qf7 25. Kg2 b5 26. Rf1 Rf8
27. e4 dxe4 28. Nxe4 Qf5 29. Ng3 Qd5 30. Ne4 Qc6 31. Ng5 Qxf3+ 32. Kxf3 Bh6 33.
Ne6 Rf5 34. Kg4 Kf7 35. Rfe1 Kf6 36. h4 Kf7 37. Ng5+ Bxg5 38. hxg5 Rfd5 39. Re5
c4 40. R1e2 c3 41. a3 a5 42. b4 axb4 43. axb4 Rxe5 44. Rxe5 Rd2 45. Rxb5 Rxc2
46. Rc5 Ke6 47. b5 Kd6 48. Rc8 1/2-1/2

[Event "14. Lichtenberger Sommer"]
[Site "14. Lichtenberger Sommer"]
[Date "2015.08.17"]
[Round "3.22"]
[White "Heerde, Thomas"]
[Black "Muse, Drazen"]
[Result "0-1"]
[WhiteElo "1967"]
[BlackElo "2408"]
[PlyCount "81"]
[EventDate "2015.??.??"]
[WhiteTeam "SC Weisse Dame (Berlin)"]
[BlackTeam "SK König Tegel"]

1. e4 e6 2. d4 c5 3. c3 Nf6 4. Bd3 d5 5. e5 Nfd7 6. Nf3 b6 7. Qe2 a5 8. O-O Be7
9. Na3 Ba6 10. g3 Bxd3 11. Qxd3 Nc6 12. Nb5 a4 13. h4 h6 14. Kg2 Ra5 15. Qe2 c4
16. Na3 b5 17. Nc2 b4 18. a3 bxc3 19. bxc3 Rb5 20. Nb4 Na5 21. Bf4 Nb3 22. Ra2
Rb6 23. Qd1 Nb8 24. Rh1 Na6 25. Nxa6 Rxa6 26. Ne1 Kd7 27. Nc2 g5 28. hxg5 hxg5
29. Be3 Qg8 30. Rxh8 Qxh8 31. Qg4 Qh7 32. Bxg5 Qg6 33. f4 Ra8 34. Qf3 Nd2 35.
Qe2 Ne4 36. Qe3 Bxg5 37. fxg5 Rh8 38. Qg1 Qxg5 39. Qe3 Qh5 40. Ra1 Qh2+ 41. Kf3
0-1

[Event "14. Lichtenberger Sommer"]
[Site "14. Lichtenberger Sommer"]
[Date "2015.08.17"]
[Round "3.23"]
[White "Sabrowski, Uwe"]
[Black "De Marchi, Olivier"]
[Result "0-1"]
[WhiteElo "2082"]
[BlackElo "2283"]
[PlyCount "76"]
[EventDate "2015.??.??"]
[WhiteTeam "SC Friesen Lichtenberg"]
[BlackTeam "La Diagonale - Eybens"]

1. d4 Nf6 2. c4 g6 3. Nc3 Bg7 4. e4 d6 5. Be2 O-O 6. Bg5 Na6 7. h4 h6 8. Bf4 e5
9. dxe5 dxe5 10. Qxd8 Rxd8 11. Bxe5 Re8 12. f4 Nc5 13. Bxf6 Bxf6 14. e5 Bd8 15.
O-O-O c6 16. b4 Ne6 17. g3 a5 18. b5 Nc5 19. bxc6 bxc6 20. Bf3 Bb7 21. h5 g5
22. Nge2 Rc8 23. Nd4 f6 24. Nf5 Bc7 25. Nxh6+ Kh7 26. Nf5 gxf4 27. Ne4 Rxe5 28.
Nxc5 Rxc5 29. Rd7+ Kh8 30. Be4 Rxc4+ 31. Bc2 fxg3 32. Nh6 Bf4+ 33. Kd1 Bxh6 34.
Rh7+ Kg8 35. Rxh6 Rd8+ 36. Kc1 c5 37. Rg1 Be4 38. Rxg3+ Kf7 0-1

[Event "14. Lichtenberger Sommer"]
[Site "14. Lichtenberger Sommer"]
[Date "2015.08.17"]
[Round "3.24"]
[White "Oginski, Ulrich"]
[Black "Lerch, Philipp"]
[Result "0-1"]
[WhiteElo "1885"]
[BlackElo "2302"]
[PlyCount "42"]
[EventDate "2015.??.??"]
[WhiteTeam "SC Weisse Dame (Berlin)"]
[BlackTeam "SC Kreuzberg"]

1. Nf3 g6 2. c4 Bg7 3. Nc3 c5 4. g3 Nc6 5. Bg2 e6 6. e3 Nge7 7. O-O O-O 8. d4
d6 9. dxc5 dxc5 10. Qxd8 Rxd8 11. Bd2 Na5 12. Na4 Nxc4 13. Bc3 Bxc3 14. bxc3 b6
15. Ne5 Nxe5 16. Bxa8 Ba6 17. Bg2 Bxf1 18. Bxf1 Rd2 19. h3 Nf5 20. Bb5 Nd6 21.
Ba6 Ne4 0-1

[Event "14. Lichtenberger Sommer"]
[Site "14. Lichtenberger Sommer"]
[Date "2015.08.17"]
[Round "3.25"]
[White "Rohde, Wolfgang"]
[Black "Hörmann, David"]
[Result "1-0"]
[WhiteElo "2164"]
[BlackElo "2055"]
[PlyCount "111"]
[EventDate "2015.??.??"]
[WhiteTeam "SC Friesen Lichtenberg"]
[BlackTeam "SC Weisse Dame (Berlin)"]

1. Nf3 Nf6 2. b3 e6 3. Bb2 d5 4. c4 Be7 5. g3 O-O 6. Bg2 b6 7. O-O Bb7 8. Ne5
Nbd7 9. d4 c5 10. cxd5 exd5 11. Nd2 Nxe5 12. dxe5 Ne4 13. Nxe4 dxe4 14. Qc2 Qd5
15. Rfd1 Qc6 16. Qd2 Rfd8 17. Qf4 Qg6 18. h4 h5 19. Bh3 e3 20. Qxe3 Qc2 21.
Rxd8+ Rxd8 22. Bc3 Rd1+ 23. Rxd1 Qxd1+ 24. Bf1 Bc8 25. Qd2 Qb1 26. Qb2 Qg6 27.
Kh2 Bxh4 28. gxh4 Qg4 29. Qd2 Qxh4+ 30. Kg1 Bb7 31. f3 Qg3+ 32. Bg2 h4 33. Qd7
Ba6 34. e6 fxe6 35. Qxe6+ Kh7 36. Qf5+ Kg8 37. e4 Qd6 38. Be5 Qd1+ 39. Kh2 Qd2
40. Qg4 Qh6 41. Bh3 Qd2+ 42. Qg2 Qh6 43. Qg4 Qd2+ 44. Bg2 Qh6 45. Bf4 Qf6 46.
Bg5 Qb2 47. Bxh4 c4 48. bxc4 Qe5+ 49. f4 Qc7 50. c5 Bc4 51. cxb6 axb6 52. a3 b5
53. e5 Qf7 54. Qc8+ Kh7 55. Be4+ g6 56. Bf6 1-0

[Event "14. Lichtenberger Sommer"]
[Site "14. Lichtenberger Sommer"]
[Date "2015.08.17"]
[Round "3.26"]
[White "Brasoy, Aksel"]
[Black "Reichenbach, Werner"]
[Result "0-1"]
[WhiteElo "1959"]
[BlackElo "2241"]
[PlyCount "128"]
[EventDate "2015.??.??"]
[WhiteTeam "Alta sjakklubb"]
[BlackTeam "SC Eintracht Berlin"]

1. d4 Nf6 2. Nf3 e6 3. e3 b6 4. Bd3 Bb7 5. O-O Be7 6. b3 O-O 7. Bb2 d5 8. Nbd2
Nbd7 9. Ne5 c5 10. f4 Ne4 11. Qe2 Nxd2 12. Qxd2 cxd4 13. exd4 Nf6 14. Qe2 Ne4
15. f5 exf5 16. Rxf5 f6 17. Ng4 g6 18. Rff1 h5 19. Nf2 f5 20. Rad1 Bg5 21. Nh3
Bh6 22. Nf4 Qd6 23. Qf3 Rae8 24. c4 g5 25. Nxd5 Bxd5 26. Bxe4 Bxe4 27. Qxh5 Kh7
28. d5 Qg6 29. Qxg6+ Kxg6 30. Ba3 Rf7 31. d6 Rd7 32. b4 g4 33. Rfe1 Rc8 34. c5
bxc5 35. bxc5 Kf7 36. Rd4 Ke6 37. Kf2 Bf4 38. g3 Be5 39. Rdxe4 fxe4 40. Rxe4
Kf5 41. Ra4 Rc6 42. Kg2 a6 43. h3 gxh3+ 44. Kxh3 Rh7+ 45. Kg2 Rg7 46. Kf2 Bxg3+
47. Kf3 Be5 48. Ke3 Rg3+ 49. Kf2 Rg4 50. Rxg4 Kxg4 51. Ke3 Kf5 52. Bb4 Bf6 53.
Kd3 Bh4 54. Kc4 Ke6 55. Ba5 Bf2 56. Bb6 Rxb6 57. cxb6 Bxb6 58. d7 Kxd7 59. Kd5
Bf2 60. Kc4 Kc6 61. Kb4 Be1+ 62. Kc4 Kb6 63. Kb3 Kb5 64. Kc2 Ka4 0-1

[Event "14. Lichtenberger Sommer"]
[Site "14. Lichtenberger Sommer"]
[Date "2015.08.17"]
[Round "3.27"]
[White "Schönberger, Kay"]
[Black "Niehaus, Frank"]
[Result "1/2-1/2"]
[WhiteElo "1918"]
[BlackElo "2203"]
[PlyCount "58"]
[EventDate "2015.??.??"]
[WhiteTeam "SV Koblenz"]
[BlackTeam "SK König Tegel"]

1. d4 Nf6 2. c4 c5 3. d5 e6 4. Nc3 exd5 5. cxd5 d6 6. e4 g6 7. Nf3 Bg7 8. Be2
O-O 9. O-O Re8 10. Nd2 a6 11. a4 Nbd7 12. f4 Qc7 13. Qc2 Rb8 14. a5 b5 15. axb6
Rxb6 16. Nc4 Rb4 17. Bd2 Qb8 18. Nd1 Nxd5 19. Bd3 Rxc4 20. Bxc4 N5b6 21. Be2 d5
22. e5 f6 23. exf6 Nxf6 24. Bxa6 Bf5 25. Qxc5 Ne4 26. Qb4 Qd8 27. Nf2 Bf8 28.
Qa5 Bc5 29. Rae1 Bxf2+ 1/2-1/2

[Event "14. Lichtenberger Sommer"]
[Site "14. Lichtenberger Sommer"]
[Date "2015.08.17"]
[Round "3.28"]
[White "Gallien, Fabian"]
[Black "Steiner, Wolfram"]
[Result "1/2-1/2"]
[WhiteElo "2145"]
[BlackElo "1968"]
[PlyCount "62"]
[EventDate "2015.??.??"]
[WhiteTeam "SC Schwarz-Weiß Lichtenrade e.V."]
[BlackTeam "SC Weisse Dame e.V."]

1. d4 d5 2. Nf3 Nf6 3. c4 c6 4. Qb3 e6 5. Bg5 Nbd7 6. Nc3 h6 7. Bh4 Be7 8. e3
O-O 9. Bd3 dxc4 10. Qxc4 Nd5 11. Bg3 Qb6 12. Rb1 Nb4 13. O-O Nxd3 14. Qxd3 Nf6
15. h3 a5 16. Ne5 Qa6 17. Qc2 a4 18. Ne2 Bd7 19. Bh4 Rad8 20. a3 Be8 21. Rbc1
c5 22. Rfd1 Bb5 23. Nc3 cxd4 24. exd4 Be8 25. Bxf6 Bxf6 26. Ne4 Bxe5 27. dxe5
Bc6 28. Rd6 Rxd6 29. Nxd6 Qa5 30. Qc5 Qd2 31. Rc2 Qg5 1/2-1/2

[Event "14. Lichtenberger Sommer"]
[Site "14. Lichtenberger Sommer"]
[Date "2015.08.17"]
[Round "3.29"]
[White "Jaeger, Andre"]
[Black "Roth, Josef"]
[Result "1/2-1/2"]
[WhiteElo "1942"]
[BlackElo "2101"]
[PlyCount "53"]
[EventDate "2015.??.??"]
[WhiteTeam "SC Rochade (Berlin)"]
[BlackTeam "SK König Tegel"]

1. d4 Nf6 2. c4 g6 3. g3 Bg7 4. Bg2 O-O 5. Nc3 d6 6. Nf3 Nbd7 7. O-O e5 8. e4
a6 9. h3 exd4 10. Nxd4 Re8 11. Bg5 h6 12. Be3 Rb8 13. Qc1 Kh7 14. Rd1 Nc5 15.
e5 Rxe5 16. Nf3 Rh5 17. g4 Nxg4 18. hxg4 Bxg4 19. b4 Nd7 20. Bd4 Ne5 21. Bxe5
Bxe5 22. Rd3 Bxf3 23. Rxf3 f5 24. Qd2 Qg8 25. Qd5 Qg7 26. Rc1 c6 27. Qd3
1/2-1/2

[Event "14. Lichtenberger Sommer"]
[Site "14. Lichtenberger Sommer"]
[Date "2015.08.17"]
[Round "3.30"]
[White "McGowan, Daniel"]
[Black "Schubert, Joachim"]
[Result "1-0"]
[WhiteElo "2120"]
[BlackElo "1845"]
[PlyCount "55"]
[EventDate "2015.??.??"]
[WhiteTeam "SF 1903 Berlin"]
[BlackTeam "SC Friesen Lichtenberg"]

1. d4 f5 2. Nf3 Nf6 3. c4 e6 4. g3 b6 5. Bg2 Bb7 6. O-O Be7 7. Nc3 O-O 8. a3 a5
9. Re1 Qe8 10. Bg5 Qh5 11. Bxf6 Rxf6 12. e4 Rh6 13. exf5 Bxf3 14. Bxf3 Qxh2+
15. Kf1 c6 16. fxe6 Rxe6 17. Rxe6 Qh3+ 18. Kg1 Qxe6 19. Qd3 Bf6 20. Nd5 Na6 21.
Nxb6 Rf8 22. Rd1 Qf7 23. Kg2 Bxd4 24. Nxd7 Nc5 25. Nxc5 Bxc5 26. Qe4 Kh8 27.
Qxc6 Qxc4 28. Rd5 1-0

[Event "14. Lichtenberger Sommer"]
[Site "14. Lichtenberger Sommer"]
[Date "2015.08.17"]
[Round "3.31"]
[White "Baier, Reinhard"]
[Black "Zur, Jan"]
[Result "0-1"]
[WhiteElo "1976"]
[BlackElo "2103"]
[PlyCount "104"]
[EventDate "2015.??.??"]
[WhiteTeam "Berliner SchGes Eckbauer"]
[BlackTeam "SC Rotation Pankow"]

1. e4 e5 2. Nc3 Nf6 3. f4 d5 4. fxe5 Nxe4 5. Nf3 Bg4 6. a3 Bc5 7. d4 Bxf3 8.
Qxf3 Bxd4 9. Nxe4 dxe4 10. Qxe4 Nc6 11. c3 Bxe5 12. Bd3 Qd7 13. O-O O-O-O 14.
Bb5 Rhe8 15. Qf3 f6 16. Bxc6 Qxc6 17. Qxc6 bxc6 18. Bf4 Bxf4 19. Rxf4 Rd2 20.
Rf2 Ree2 21. Rxe2 Rxe2 22. Rb1 c5 23. c4 Kd7 24. b3 a5 25. Rd1+ Kc6 26. Rd3 a4
27. bxa4 Rc2 28. Rg3 g6 29. Rf3 f5 30. Rh3 h5 31. Rg3 Rxc4 32. Rxg6+ Kd5 33.
Rg5 Ke5 34. Rxh5 Rxa4 35. Kf2 Rxa3 36. g4 c4 37. Rxf5+ Kd4 38. g5 c3 39. Rf4+
Kd3 40. Rf3+ Kd2 41. Rf7 c2 42. Rd7+ Rd3 43. Rxc7 c1=Q 44. Rxc1 Kxc1 45. Kg2
Kd2 46. h4 Ke3 47. Kg3 Ke4+ 48. Kg4 Rd1 49. Kh5 Kf5 50. Kh6 Rg1 51. Kh5 Rg4 52.
g6 Rg1 0-1

[Event "14. Lichtenberger Sommer"]
[Site "14. Lichtenberger Sommer"]
[Date "2015.08.17"]
[Round "3.32"]
[White "Kather, Yannick"]
[Black "Landt, Stefan"]
[Result "1/2-1/2"]
[WhiteElo "2041"]
[BlackElo "1903"]
[PlyCount "120"]
[EventDate "2015.??.??"]
[WhiteTeam "SC Weisse Dame (Berlin)"]
[BlackTeam "SV Berolina Mitte"]

1. e4 c6 2. d4 d5 3. Nd2 dxe4 4. Nxe4 Bf5 5. Ng3 Bg6 6. h4 h6 7. Nf3 Nd7 8. h5
Bh7 9. Bd3 Bxd3 10. Qxd3 e6 11. Bd2 Qc7 12. O-O-O O-O-O 13. Qe2 Bd6 14. Ne4 Bf4
15. Kb1 Ngf6 16. g3 Bxd2 17. Nexd2 Rhe8 18. Nc4 Nb6 19. Nxb6+ Qxb6 20. Ne5 Re7
21. Qd3 Rd5 22. f3 Qc7 23. c4 Rd8 24. Qa3 Kb8 25. g4 Qd6 26. Qb3 Nd7 27. Rhe1
Nxe5 28. dxe5 Qc7 29. f4 Red7 30. Kc1 Rd4 31. Rf1 Kc8 32. Qc3 Qd7 33. Qc2 Kc7
34. b3 Kb6 35. Qf2 c5 36. Rxd4 Qxd4 37. Qxd4 Rxd4 38. Kc2 Kc6 39. Kc3 a6 40. a3
b5 41. Rf2 Kb6 42. g5 hxg5 43. fxg5 Rg4 44. h6 Rxg5 45. h7 Rh5 46. Rxf7 Rh3+
47. Kd2 Rxh7 48. Re7 Rh6 49. Rxg7 Rh5 50. cxb5 axb5 51. Rd7 Rxe5 52. Rd6+ Kc7
53. Ra6 Kb7 54. Ra5 Rd5+ 55. Kc3 Kb6 56. Ra8 Rd7 57. Rb8+ Kc6 58. Rc8+ Rc7 59.
Re8 Kd5 60. Rb8 Kc6 1/2-1/2

[Event "14. Lichtenberger Sommer"]
[Site "14. Lichtenberger Sommer"]
[Date "2015.08.17"]
[Round "3.33"]
[White "Weber, Sandra"]
[Black "Nötzel, Felix"]
[Result "1-0"]
[WhiteElo "1837"]
[BlackElo "2103"]
[PlyCount "81"]
[EventDate "2015.??.??"]
[WhiteTeam "SV Stuttgart-Wolfbusch"]
[BlackTeam "SF 1903 Berlin"]

1. e4 e5 2. Nf3 Nc6 3. Bb5 Bd6 4. d3 a6 5. Ba4 Nf6 6. Bg5 h6 7. Bh4 g5 8. Bg3
Qe7 9. Nc3 b5 10. Bb3 Bb7 11. Qd2 Bb4 12. a3 Ba5 13. Ba2 d6 14. b4 Bb6 15. O-O
Nd4 16. Nxd4 Bxd4 17. Rab1 O-O 18. Nd1 c6 19. c3 Bb6 20. Re1 Rae8 21. Kh1 Bc8
22. Bb3 Kg7 23. Bc2 Qa7 24. Ne3 Ng4 25. h3 Nxe3 26. fxe3 f5 27. d4 f4 28. exf4
gxf4 29. Bf2 Kh7 30. g3 Bxh3 31. gxf4 Rxf4 32. Re3 Bc8 33. Bg3 Rg4 34. Rf3 Qg7
35. Qh2 Rg8 36. Rbf1 Be6 37. d5 Kh8 38. dxe6 Qg5 39. Rf6 Rxg3 40. Rxh6+ Kg7 41.
Rf7# 1-0

[Event "14. Lichtenberger Sommer"]
[Site "14. Lichtenberger Sommer"]
[Date "2015.08.17"]
[Round "3.34"]
[White "Geldner, Gerrit"]
[Black "Hamann, Carsten"]
[Result "0-1"]
[WhiteElo "1777"]
[BlackElo "2116"]
[PlyCount "84"]
[EventDate "2015.??.??"]
[WhiteTeam "Schachunion Berlin"]
[BlackTeam "Preetzer TSV"]

1. c4 g6 2. Nc3 Bg7 3. d4 Nf6 4. Nf3 O-O 5. Bg5 c5 6. d5 Qa5 7. Qd2 d6 8. e4 e6
9. Be2 exd5 10. exd5 a6 11. O-O Bg4 12. Qf4 Bxf3 13. Bxf3 Nbd7 14. Qxd6 Qb4 15.
Rfc1 h6 16. Bxf6 Nxf6 17. Rab1 Rad8 18. Qf4 b5 19. a3 Qxc4 20. Ne4 Nxd5 21.
Rxc4 Nxf4 22. Rxc5 f5 23. Nc3 Nd3 24. Rc6 Rf6 25. Rc7 Rfd6 26. Be2 Ne5 27. f4
Nc6 28. Bf3 Nd4 29. Re7 Nxf3+ 30. gxf3 Rd2 31. Rc7 Rc2 32. Rc6 Kh7 33. Rxa6
Rdd2 34. Nxb5 Rg2+ 35. Kf1 Rxh2 36. Kg1 Rhg2+ 37. Kh1 Rh2+ 38. Kg1 Rcg2+ 39.
Kf1 Rf2+ 40. Kg1 Rfg2+ 41. Kf1 h5 42. Rd6 h4 0-1

[Event "14. Lichtenberger Sommer"]
[Site "14. Lichtenberger Sommer"]
[Date "2015.08.17"]
[Round "3.35"]
[White "Wörz, Markus"]
[Black "Schleicher, Janek"]
[Result "1/2-1/2"]
[WhiteElo "2065"]
[BlackElo "2029"]
[PlyCount "55"]
[EventDate "2015.??.??"]
[WhiteTeam "SC Kreuzberg"]
[BlackTeam "SV Bürgel"]

1. e4 c5 2. Nc3 a6 3. f4 b5 4. Nf3 Bb7 5. d3 Nf6 6. g3 g6 7. Bg2 Bg7 8. e5 Nd5
9. Ne4 Qb6 10. Qe2 O-O 11. Qf2 d6 12. O-O Nd7 13. exd6 exd6 14. c3 N7f6 15.
Nxf6+ Nxf6 16. h3 b4 17. cxb4 Qxb4 18. Bd2 Qb5 19. Bc3 d5 20. Be5 Qxd3 21. Qxc5
Nd7 22. Qc7 Nxe5 23. Nxe5 Qd4+ 24. Kh2 Qa7 25. Rac1 Rac8 26. Qe7 Rce8 27. Qc7
Rc8 28. Qe7 1/2-1/2

[Event "14. Lichtenberger Sommer"]
[Site "14. Lichtenberger Sommer"]
[Date "2015.08.17"]
[Round "3.36"]
[White "Rodmacq, Clement"]
[Black "Matitschka, Johannes"]
[Result "1-0"]
[WhiteElo "2039"]
[BlackElo "1542"]
[PlyCount "81"]
[EventDate "2015.??.??"]
[WhiteTeam "La Diagonale - Eybens"]
[BlackTeam "TSG Oberschöneweide"]

1. e4 e5 2. f4 d6 3. Nf3 Nc6 4. Nc3 Bg4 5. Bb5 Nf6 6. O-O Be7 7. d3 O-O 8. Bxc6
bxc6 9. h3 Bc8 10. f5 Bb7 11. g4 d5 12. g5 Ne8 13. Kh2 dxe4 14. Nxe4 Nd6 15. f6
gxf6 16. gxf6 Bxf6 17. Nxf6+ Qxf6 18. Rg1+ Kh8 19. Bg5 Qe6 20. Qe2 Rae8 21.
Rae1 f6 22. Bh6 Rg8 23. Nh4 Bc8 24. Qf3 Nf7 25. Bd2 Ng5 26. Bxg5 fxg5 27. Ng2
Ref8 28. Qe3 g4 29. hxg4 Qxg4 30. Qxe5+ Rg7 31. Re3 Qg5 32. Qxg5 Rxg5 33. Nh4
Rh5 34. Re4 Bd7 35. Rg3 Re8 36. Rxe8+ Bxe8 37. Rg4 Bd7 38. Rd4 Rd5 39. Nf3 Kg7
40. Kg3 Kg6 41. Rxd5 1-0

[Event "14. Lichtenberger Sommer"]
[Site "14. Lichtenberger Sommer"]
[Date "2015.08.17"]
[Round "3.37"]
[White "Hahlbohm, Matthias"]
[Black "Zenkner, Christian"]
[Result "1-0"]
[WhiteElo "2069"]
[BlackElo "1919"]
[PlyCount "95"]
[EventDate "2015.??.??"]
[WhiteTeam "TSG Oberschöneweide"]
[BlackTeam "SC Zugzwang 95 (Berlin)"]

1. e4 e5 2. Nf3 Nc6 3. Bc4 Bc5 4. b4 Bxb4 5. c3 Bc5 6. d4 exd4 7. O-O d6 8.
cxd4 Bb6 9. Nc3 Nf6 10. Bg5 O-O 11. Nd5 Be6 12. Nxb6 axb6 13. d5 Na5 14. dxe6
Nxc4 15. exf7+ Rxf7 16. Bxf6 Qxf6 17. Qd5 Ne5 18. Nd4 c6 19. Qb3 b5 20. a4 Nc4
21. Nf3 Kh8 22. Ra2 Ne5 23. Nxe5 dxe5 24. axb5 Rxa2 25. Qxa2 cxb5 26. Qa8+ Rf8
27. Qxb7 Qf4 28. h3 h6 29. f3 Qe3+ 30. Kh2 Qd3 31. Ra1 Qe2 32. Ra7 Rg8 33. Qc7
Qe3 34. Rb7 Qf4+ 35. Kh1 Qg3 36. Rxb5 Ra8 37. Qxe5 Qxe5 38. Rxe5 Kg8 39. Re7
Kf8 40. Rb7 Ra1+ 41. Kh2 Re1 42. g4 g5 43. Rh7 Re3 44. Kg3 Re1 45. Rxh6 Kg7 46.
Rh5 Kg6 47. h4 gxh4+ 48. Rxh4 1-0